000 00682nam a2200205Ia 4500
008 130821s2005 sp gr spa
020 _a8473564294
040 _cnuevo
_dHenry Ríos (modificó)
_bspa
041 0 0 _aspa
100 1 _aParra Guerrero, Francisca
_928081
245 1 0 _aGestión de stocks
_cFrancisca Parra Guerrero
250 _a3a ed.
260 _aMadrid (España)
_bEsic Editorial
_c2005
300 _a231páginas
650 0 4 _aAdministración de materiales
_98556
650 0 4 _aControl de inventarios
_911889
650 0 4 _aDistribución física de mercancías
_913462
942 _cLIBRO
_a16
_e3
_mP259g
_2DEWEY
_h658.785
999 _c60631
_d60631